000 00625nam a2200205 u 4500
005 20241129063738.0
008 121121s2004 es r 000 0 spa d
020 _a848980480X
035 _aUPN01000188762
049 _aI
050 4 _aPT2681 T3.4
_bG7.3
100 1 _aSteiner, Jörg,
_d1930-2013
_933694
245 1 3 _aEl gran gris /
_cJörg Steiner ; il. Jorg Mûller ; tr. Eduardo Martínez.
260 _aSalamanca, Esp. :
_bLóguez,
_c2004.
300 _a32 p. :
_bil. col.
650 4 _aCUENTOS INFANTILES SUIZOS
_912327
650 4 _aConejos
_vCuentos y leyendas
_922085
905 _aInfantil
999 _c160865
_d160865